Statistics for Capitals in North America - One Minute Sprint

Click here to take the quiz!

General Stats

  • This quiz has been taken 1,672 times
  • The average score is 13 of 23

Answer Stats

capital% Correct
Washington
99%
Ottawa
93%
Mexico City
91%
Panama City
75%
Havana
74%
Guatemala City
68%
Kingston
68%
Port-au-Prince
62%
San Jose
61%
San Salvador
61%
Nassau
55%
Tegucigalpa
54%
Belmopan
53%
Managua
53%
Santo Domingo
52%
Port-of-Spain
45%
Kingstown
43%
St John's
41%
Bridgetown
40%
Castries
38%
Roseau
38%
St George's
38%
Basseterre
36%

Score Distribution

Percentile by Number Answered

Percent of People with Each Score

Your Score History

You have not taken this quiz